Statistics for Pink/Purple 🟣 logo quiz

Click here to take the quiz!

General Stats

  • This quiz has been taken 694 times
  • The average score is 6 of 9

Answer Stats

Answer% Correct
Yahoo
93%
Barbie
90%
Instagram
86%
Twitch
83%
FedEx
72%
Milka
62%
Baskin Robbins
58%
Lyft
47%
OneNote
29%

Score Distribution

Percentile by Number Answered

Percent of People with Each Score

Your Score History

You have not taken this quiz